000 01159nam a2200289 a 4500
001 ebr10563831
003 CaPaEBR
006 m u
007 cr cn|||||||||
008 120605s2012 sa s 000 0 eng d
020 _z9781920397395
020 _z9781920590185 (e-book)
040 _aCaPaEBR
_cCaPaEBR
035 _a(OCoLC)794904510
050 1 4 _aRZ999
_b.G37 2012eb
100 1 _aGarisch, Dawn.
245 1 0 _aEloquent body
_h[electronic resource] /
_cDawn Garisch.
260 _aAthlone, South Africa :
_bModjaji Books,
_c2012.
300 _axvi, 265 p.
505 0 _apt. 1. Talking to myself across the table -- pt. 2. Fear : the guardian with two faces -- pt. 3. Tracking the truth -- pt. 4. Heal thyself.
533 _aElectronic reproduction.
_bPalo Alto, Calif. :
_cebrary,
_d2011.
_nAvailable via World Wide Web.
_nAccess may be limited to ebrary affiliated libraries.
650 0 _aHealing.
650 0 _aCreative ability.
655 7 _aElectronic books.
_2local
710 2 _aebrary, Inc.
856 4 0 _uhttp://site.ebrary.com/lib/rucke/Doc?id=10563831
_zAn electronic book accessible through the World Wide Web; click to view
999 _c93799
_d93799